| Tag |
First Indicator |
Second Indicator |
Subfields |
| LEADER |
00000cam a2200000 i 4500 |
| 001 |
in00000009122 |
| 005 |
20151007051459.0 |
| 008 |
750212s1974 ilua 00010 eng |
| 010 |
|
|
|a 75303179
|
| 020 |
|
|
|a 0912104163
|
| 035 |
|
|
|a (OCoLC)01207540
|
| 035 |
|
|
|9 AAA3197AM
|
| 040 |
|
|
|a DLC
|c DLC
|d TXA
|d UtOrBLW
|
| 049 |
|
|
|a TXAM
|c [A11030413]
|
| 050 |
0 |
0 |
|a HD1394
|b .G55
|
| 082 |
0 |
|
|a 658/.91/33353
|
| 100 |
1 |
|
|a Glassman, Sidney.
|
| 245 |
1 |
0 |
|a Tools for creative property management /
|c by Sidney Glassman.
|
| 264 |
|
1 |
|a Chicago :
|b Institute of Real Estate Management,
|c [1974]
|
| 264 |
|
4 |
|c ©1974
|
| 300 |
|
|
|a iii, 51 pages :
|b illustrations ;
|c 28 cm.
|
| 336 |
|
|
|a text
|b txt
|2 rdacontent
|
| 337 |
|
|
|a unmediated
|b n
|2 rdamedia
|
| 338 |
|
|
|a volume
|b nc
|2 rdacarrier
|
| 500 |
|
|
|a "Ten articles, eight of which have been printed in the Journal of property management during the period 1968-1971."
|
| 650 |
|
0 |
|a Real estate management.
|
| 999 |
|
|
|a MARS
|
| 999 |
f |
f |
|s 43cac917-8c78-32b9-b182-51fa9ea8f708
|i 2a7435ab-1ae5-3aaf-977a-51768c7f7212
|t 0
|
| 952 |
f |
f |
|p ric
|a Texas A&M University
|b Rellis Campus
|c Joint Library Facility
|d Remote Storage
|t 0
|e HD1394 .G55
|h Library of Congress classification
|i unmediated -- volume
|m A14811030413
|
| 998 |
f |
f |
|a HD1394 .G55
|t 0
|l Remote Storage
|